Двухэтажная Япония. Две тысячи дней на Японских островах

Podrobná bibliografie
Hlavní autor: Тавровский Ю. В. Юрий Вадимович
Jazyk:ruština
Vydáno: Москва, Политиздат, 1989
Témata:
Médium: MixedMaterials Kniha
KOHA link:https://koha.lib.tpu.ru/cgi-bin/koha/opac-detail.pl?biblionumber=376627

MARC

LEADER 00000nam0a2200000 4500
001 376627
005 20231101052035.0
010 |a 525000962X 
020 |a RU  |b 89-80582 
035 |a (RuTPU)RU\TPU\retro\34067 
035 |a RU\TPU\book\230179 
090 |a 376627 
100 |a 20221223d1989 m a0rusy5003 ca 
101 0 |a rus 
102 |a RU 
105 |a a z 000zy 
200 1 |a Двухэтажная Япония. Две тысячи дней на Японских островах  |f Юрий Тавровский 
210 |a Москва  |c Политиздат  |d 1989 
215 |a 287 с.  |d 21 см  |c ил. 
610 1 |a Япония 
610 1 |a путешествия 
610 1 |a впечатления 
610 1 |a Токио 
610 1 |a японские города 
610 1 |a традиции 
610 1 |a японцы 
610 1 |a 20 век 
610 1 |a культура 
610 1 |a образ жизни 
686 |a Ф3(5Я)  |v LBC/SL-A  |2 rubbk 
700 1 |a Тавровский  |b Ю. В.  |g Юрий Вадимович  |4 070 
801 0 |a RU  |b RuMRKP  |c 19950417  |g psbo 
801 1 |a RU  |b 63413507  |c 20120301 
801 2 |a RU  |b 63413507  |c 20221223  |g RCR 
942 |c BK